000 00832nam a2200241 i 4500
001 77863
003 ES-MaACL
005 20250717091856.0
007 t|
008 041112s1924 sp ||||1| spa d
080 _a372.8:611/13
100 1 _aFernández Ascarza, Victoriano,
_d1870-1934
_949486
245 1 3 _aEl hombre :
_bnociones de anatomía, fisiología e higiene... para la lectura en las escuelas /
_cpor Don Victoriano F. Ascarza.
260 _aMadrid :
_bMagisterio Español,
_c[1924?]
300 _a149 p. :
_bil. ;
_c18 cm.
490 1 _aLecturas científicas
650 4 _aHigiene-
_vLibros escolares.
_913350
650 7 _aAnatomía humana
_2embne
_99801
650 4 _aFisiología humana.
_912890
830 1 _aLecturas científicas
_9231368
852 _aES-MaACL
_jE-10340
999 _c77863
_d77863